Largest Cities on Each Continent Beginning with 'P' - Statistics

General Stats
  • This quiz has been taken 538 times
  • The average score is 15 of 36
Answer Stats
Hint Population Answer % Correct
Oceania 2,075,000 Perth
95%
Europe 11,400,000 Paris
91%
Europe 1,550,000 Porto
91%
North America 7,350,000 Philadelphia
88%
South America 4,150,000 Porto Alegre
71%
North America 4,800,000 Phoenix
69%
North America 2,025,000 Pittsburgh
69%
Oceania 364,125 Port Moresby
68%
North America 2,450,000 Portland
66%
Africa 1,763,336 Pretoria
66%
Asia 2,975,000 P'yŏngyang
66%
North America 3,325,000 Port-au-Prince
64%
Asia 7,100,000 Pune
63%
Europe 1,460,000 Prague
59%
Asia 2,575,000 Phnom Penh
57%
North America 4,025,000 Puebla
53%
Europe 640,720 Palermo
46%
Africa 2,425,000 Port Harcourt
46%
Africa 1,380,000 Port Elizabeth
39%
Oceania 49,528 Port Vila
34%
Asia 2,725,000 Patna
30%
Asia 2,425,000 Peshāwar
30%
Asia 1,740,000 Palembang
29%
Europe 1,110,000 Perm
29%
Europe 532,048 Poznań
27%
Africa 775,209 Port Said
22%
Africa 1,220,000 Pointe-Noire
15%
Oceania 81,500 Palmerston North
10%
South America 500,540 Porto Velho
6%
South America 399,300 Pereira
5%
Africa 475,238 Pietermaritzburg
5%
South America 522,400 Piura
4%
South America 794,012 Petrolina-Juazeiro
3%
Oceania 49,478 Port Macquarie
3%
Oceania 60,500 Porirua
2%
South America 401,470 Piracicaba
1%
No matching quizzes found
Score Distribution
Percent of People with Each Score
Percentile by Number Answered
Your Score History
You have not taken this quiz